000 00934nam a2200313Ia 4500
001 Z_5769
003 CHAP
008 220113s2009 xx 000 0 und d
010 _a168875
040 _cCHAP
090 _aTesis L 2108
100 _aLlanos Ramos, Cristina
_967266
245 _aUso de vermífugos homeópatas y alópatas en ovinos de pelo /
_cCristina Llanos Ramos
260 _aChapingo, Méx. :
_bEl autor,
_c2009
300 _a83 h.
502 _aTesis (Ing. Agr. Esp. en Zootecnia) -- UACH. Departamento de Zootecnia
650 _aGanado lanar
_xEnfermedades
_945173
650 _aGanado lanar
_xPeso
_945211
650 _aHomeopatia
_956056
650 _aHomeopatía en medicina veterinaria
_956058
650 _aMateria médica
_972929
650 _aNemátodos parásitos de ovinos
_980834
901 _aTESIS L 2108
902 _aM
910 _a2009
942 _c2
942 _c2
999 _c168875
_d168875